Movie Quote by Movie Titles Quiz Stats

 Plays Quiz Updated Jul 5, 2018

Score 0/8 Timer 01:30
0 Plays Today
Movie Title Mystery Quote % Correct
___ HAPPENED ONE NIGHT (Clark Gable, 1934)It
96.4%
WHILE SHE ___ OUT (Kim Basinger, 2008)Was
93.4%
THE SCORPION ___ (Dwayne Johnson, 2002)KING
93.3%
___: SKULL ISLAND (Tom Hiddleston, 2017)KONG
87%
THE MAN WHO ___ DON QUIXOTE (Adam Driver, 2018)Killed
84.5%
SONS OF ___ DESERT (Stan Laurel, 1933)The
83.9%
SEXY ___ (Ben Kingsley, 2000)Beast
80%
___ SHOP (Queen Latifah, 2005)Beauty
76.7%

You're not logged in!

Compare scores with friends on all Sporcle quizzes.
OR
Log In

Sporcle TV

Today on Sporcle TV


Watch our educational content, quiz creation guides, and fun videos on Sporcle TV.

Show Comments

Extras

Top Quizzes Today


Score Distribution

Your Account Isn't Verified!

In order to create a playlist on Sporcle, you need to verify the email address you used during registration. Go to your Sporcle Settings to finish the process.

Report this User

Report this user for behavior that violates our Community Guidelines.

Details: